[Event "ODJM B 2025"]
[Site "Willingen GER"]
[Date "2025.06.14"]
[Round "9"]
[White "Schmidt, Marieke"]
[Black "Asmussen, Johann"]
[Result "0-1"]
[Termination "normal"]
[Board "54"]
[WhiteElo "1726"]
[BlackElo "1563"]
[WhiteClock "00:30:00"]
[BlackClock "00:29:50"]
[PlyCount "66"]
[WhiteFideId "533007497"]
[BlackFideId "16273486"]
[EventCountry "GER"]
[EventRounds "9"]
[EventType "swiss"]
[EventDate "2025.06.07"]

1. e4 {[%clk 01:30:59]} Nc6 {[%clk 01:29:44]} {[%emt 00:01:16]} 2. Nf3 {[%clk
01:31:24]} {[%emt 00:00:05]} e5 {[%clk 01:30:08]} {[%emt 00:00:06]} 3. Bb5
{[%clk 01:30:40]} {[%emt 00:01:14]} Nd4 {[%clk 01:29:10]} {[%emt 00:01:28]} 4.
Nxd4 {[%clk 01:29:47]} {[%emt 00:01:24]} exd4 {[%clk 01:29:33]} {[%emt
00:00:06]} 5. d3 {[%clk 01:30:00]} {[%emt 00:00:17]} c6 {[%clk 01:26:31]}
{[%emt 00:03:32]} 6. Bc4 {[%clk 01:29:12]} {[%emt 00:01:18]} Be7 {[%clk
01:25:22]} {[%emt 00:01:39]} 7. O-O {[%clk 01:29:16]} {[%emt 00:00:26]} d6
{[%clk 01:24:16]} {[%emt 00:01:36]} 8. Nd2 {[%clk 01:27:36]} {[%emt 00:02:10]}
Nf6 {[%clk 01:24:28]} {[%emt 00:00:18]} 9. Nf3 {[%clk 01:26:51]} {[%emt
00:01:15]} Bg4 {[%clk 01:17:54]} {[%emt 00:07:05]} 10. h3 {[%clk 01:26:57]}
{[%emt 00:00:24]} Bh5 {[%clk 01:17:50]} {[%emt 00:00:33]} 11. Re1 {[%clk
01:26:05]} {[%emt 00:01:22]} O-O {[%clk 01:15:16]} {[%emt 00:03:04]} 12. Bg5
{[%clk 01:14:15]} {[%emt 00:12:21]} h6 {[%clk 01:10:09]} {[%emt 00:05:37]} 13.
Bxf6 {[%clk 01:08:55]} {[%emt 00:05:50]} Bxf6 {[%clk 01:10:31]} {[%emt
00:00:07]} 14. g4 {[%clk 01:09:20]} {[%emt 00:00:05]} Bg6 {[%clk 01:10:45]}
{[%emt 00:00:16]} 15. Bb3 {[%clk 01:09:32]} {[%emt 00:00:17]} Re8 {[%clk
01:08:35]} {[%emt 00:02:41]} 16. Qd2 {[%clk 01:05:40]} {[%emt 00:04:22]} a5
{[%clk 01:06:09]} {[%emt 00:02:57]} 17. a3 {[%clk 01:05:00]} {[%emt 00:01:10]}
a4 {[%clk 01:03:49]} {[%emt 00:02:50]} 18. Ba2 {[%clk 01:05:08]} {[%emt
00:00:21]} Ra5 {[%clk 01:03:04]} {[%emt 00:01:16]} 19. Kg2 {[%clk 00:50:23]}
{[%emt 00:15:15]} h5 {[%emt 00:07:16]} 20. Rh1 {[%clk 00:45:23]} Bg5 {[%clk
00:52:21]} {[%emt 00:09:54]} 21. Qb4 {[%clk 00:41:10]} {[%emt 00:04:43]} Rb5
{[%clk 00:45:42]} {[%emt 00:07:10]} 22. Qxd4 {[%clk 00:37:09]} {[%emt
00:04:30]} Bf6 {[%clk 00:43:42]} {[%emt 00:02:32]} 23. Qxa4 {[%clk 00:34:52]}
{[%emt 00:02:46]} Rxb2 {[%clk 00:42:55]} {[%emt 00:01:18]} 24. Rhb1 {[%clk
00:32:28]} {[%emt 00:02:48]} b5 {[%clk 00:41:51]} {[%emt 00:01:38]} 25. Qa7
{[%clk 00:30:10]} {[%emt 00:02:45]} Rxc2 {[%clk 00:40:39]} {[%emt 00:01:46]}
26. e5 {[%clk 00:19:22]} {[%emt 00:11:19]} dxe5 {[%clk 00:40:20]} {[%emt
00:00:49]} 27. Rc1 {[%clk 00:14:15]} {[%emt 00:05:37]} Qxd3 {[%clk 00:38:26]}
{[%emt 00:02:23]} 28. Rd1 {[%emt 00:06:40]} Qc3 {[%clk 00:34:51]} {[%emt
00:04:04]} 29. g5 {[%clk 00:03:50]} {[%emt 00:04:47]} Be7 {[%clk 00:29:49]}
{[%emt 00:05:31]} 30. Nh4 {[%clk 00:03:50]} {[%emt 00:00:30]} Bc5 {[%clk
00:29:17]} {[%emt 00:01:03]} 31. Qd7 {[%clk 00:01:01]} {[%emt 00:03:17]} Rxf2+
{[%clk 00:29:25]} {[%emt 00:00:23]} 32. Kh1 {[%clk 00:00:36]} {[%emt 00:00:55]}
Be4+ {[%clk 00:29:50]} {[%emt 00:00:05]} 33. Kg1 {[%clk 00:30:00]} Qg3+ {[%clk
00:29:50]} 0-1

[Event "ODJM B 2025"]
[Site "Willingen GER"]
[Date "2025.06.14"]
[Round "9"]
[White "Hladeniuk, Yelyzaveta"]
[Black "Kulgemeyer, Justus"]
[Result "1-0"]
[Termination "normal"]
[Board "55"]
[WhiteElo "1642"]
[BlackElo "1557"]
[WhiteClock "00:53:51"]
[BlackClock "01:20:16"]
[PlyCount "111"]
[WhiteFideId "34176128"]
[BlackFideId "34623671"]
[EventCountry "GER"]
[EventRounds "9"]
[EventType "swiss"]
[EventDate "2025.06.07"]

1. d4 {[%clk 01:30:59]} d5 {[%clk 01:30:53]} {[%emt 00:00:09]} 2. c4 {[%clk
01:31:23]} {[%emt 00:00:05]} c6 {[%clk 01:31:18]} {[%emt 00:00:05]} 3. cxd5
{[%clk 01:31:47]} {[%emt 00:00:06]} cxd5 {[%clk 01:31:44]} {[%emt 00:00:04]} 4.
Nf3 {[%clk 01:32:00]} {[%emt 00:00:17]} Nf6 {[%clk 01:32:04]} {[%emt 00:00:09]}
5. Nc3 {[%clk 01:31:36]} {[%emt 00:00:54]} Nc6 {[%clk 01:32:02]} {[%emt
00:00:33]} 6. Bg5 {[%clk 01:31:20]} {[%emt 00:00:46]} e6 {[%clk 01:32:15]}
{[%emt 00:00:17]} 7. e3 {[%clk 01:31:36]} {[%emt 00:00:13]} a6 {[%clk
01:32:39]} {[%emt 00:00:07]} 8. Bd3 {[%clk 01:31:47]} {[%emt 00:00:17]} Be7
{[%clk 01:31:51]} {[%emt 00:01:19]} 9. O-O {[%clk 01:32:04]} {[%emt 00:00:13]}
Ng4 {[%clk 01:31:05]} {[%emt 00:01:16]} 10. Bxe7 {[%clk 01:30:44]} {[%emt
00:01:49]} Nxe7 {[%clk 01:31:25]} {[%emt 00:00:11]} 11. h3 {[%clk 01:30:49]}
{[%emt 00:00:25]} Nf6 {[%clk 01:31:35]} {[%emt 00:00:20]} 12. Ne5 {[%clk
01:29:40]} {[%emt 00:01:39]} Ng6 {[%clk 01:31:29]} {[%emt 00:00:37]} 13. Nxg6
{[%clk 01:24:20]} {[%emt 00:05:49]} hxg6 {[%clk 01:31:50]} {[%emt 00:00:09]}
14. a3 {[%clk 01:23:36]} {[%emt 00:01:14]} Qd6 {[%clk 01:31:53]} {[%emt
00:00:27]} 15. Re1 {[%clk 01:20:55]} {[%emt 00:03:11]} e5 {[%clk 01:31:13]}
{[%emt 00:01:11]} 16. dxe5 {[%clk 01:19:19]} {[%emt 00:02:06]} Qxe5 {[%clk
01:31:16]} {[%emt 00:00:26]} 17. Qa4+ {[%clk 01:16:54]} {[%emt 00:02:54]} Kf8
{[%clk 01:29:37]} {[%emt 00:02:10]} 18. Qf4 {[%clk 01:09:02]} {[%emt 00:08:21]}
Qxf4 {[%clk 01:27:37]} {[%emt 00:02:31]} 19. exf4 {[%clk 01:08:52]} {[%emt
00:00:40]} Nh5 {[%clk 01:27:56]} {[%emt 00:00:12]} 20. Nxd5 {[%clk 01:08:38]}
{[%emt 00:00:43]} Rb8 {[%clk 01:23:26]} {[%emt 00:05:01]} 21. g4 {[%clk
01:05:18]} {[%emt 00:03:50]} Nf6 {[%clk 01:23:25]} {[%emt 00:00:30]} 22. Nxf6
{[%clk 01:05:36]} {[%emt 00:00:12]} gxf6 {[%clk 01:23:50]} {[%emt 00:00:05]}
23. Kg2 {[%clk 01:05:30]} {[%emt 00:00:36]} b5 {[%clk 01:23:31]} {[%emt
00:00:50]} 24. Re3 {[%clk 01:05:19]} {[%emt 00:00:40]} Kg7 {[%clk 01:23:38]}
{[%emt 00:00:24]} 25. Rae1 {[%clk 01:04:43]} {[%emt 00:01:05]} Bb7+ {[%clk
01:23:51]} {[%emt 00:00:17]} 26. Be4 {[%clk 01:04:40]} {[%emt 00:00:32]} Bc8
{[%clk 01:23:14]} {[%emt 00:01:08]} 27. Bd5 {[%clk 01:03:35]} {[%emt 00:01:35]}
Rf8 {[%clk 01:22:43]} {[%emt 00:01:01]} 28. Re7 {[%clk 01:02:02]} {[%emt
00:02:02]} Rb6 {[%clk 01:21:02]} {[%emt 00:02:12]} 29. R1e2 {[%clk 00:56:44]}
{[%emt 00:05:44]} Rd6 {[%clk 01:19:55]} {[%emt 00:01:41]} 30. Ba2 {[%clk
00:54:10]} {[%emt 00:03:04]} Rd4 {[%clk 01:19:01]} {[%emt 00:01:24]} 31. Rc7
{[%clk 00:52:23]} {[%emt 00:02:17]} Rxf4 {[%clk 01:17:57]} {[%emt 00:01:34]}
32. Ree7 {[%clk 00:52:00]} {[%emt 00:00:53]} f5 {[%clk 01:16:02]} {[%emt
00:02:25]} 33. Rxf7+ {[%clk 00:51:11]} {[%emt 00:01:19]} Rxf7 {[%clk 01:16:24]}
{[%emt 00:00:08]} 34. Rxf7+ {[%clk 00:51:36]} {[%emt 00:00:05]} Kh6 {[%clk
01:16:47]} {[%emt 00:00:06]} 35. Rc7 {[%clk 00:50:36]} {[%emt 00:01:30]} fxg4
{[%clk 01:15:20]} {[%emt 00:01:58]} 36. Rxc8 {[%clk 00:50:00]} {[%emt
00:01:06]} gxh3+ {[%clk 01:15:42]} {[%emt 00:00:08]} 37. Kg3 {[%clk 00:50:04]}
{[%emt 00:00:25]} Kg5 {[%clk 01:15:31]} {[%emt 00:00:42]} 38. Rc5+ {[%clk
00:49:50]} {[%emt 00:00:44]} Rf5 {[%clk 01:15:30]} {[%emt 00:00:31]} 39. f4+
{[%clk 00:48:27]} {[%emt 00:01:53]} Kf6 {[%clk 01:15:34]} {[%emt 00:00:26]} 40.
Rxf5+ {[%clk 00:48:45]} {[%emt 00:00:13]} Kxf5 {[%clk 01:15:55]} {[%emt
00:00:08]} 41. Bb1+ {[%clk 00:49:09]} {[%emt 00:00:06]} Kf6 {[%clk 01:16:09]}
{[%emt 00:00:16]} 42. Kxh3 {[%clk 00:49:33]} {[%emt 00:00:06]} g5 {[%clk
01:16:09]} {[%emt 00:00:30]} 43. f5 {[%clk 00:49:03]} {[%emt 00:01:01]} Ke5
{[%clk 01:16:29]} {[%emt 00:00:10]} 44. Kg4 {[%clk 00:49:25]} {[%emt 00:00:07]}
Kf6 {[%clk 01:16:48]} {[%emt 00:00:12]} 45. Be4 {[%clk 00:49:49]} {[%emt
00:00:06]} a5 {[%clk 01:17:09]} {[%emt 00:00:09]} 46. b4 {[%clk 00:50:09]}
{[%emt 00:00:09]} axb4 {[%clk 01:17:13]} {[%emt 00:00:26]} 47. axb4 {[%clk
00:50:33]} {[%emt 00:00:06]} Ke5 {[%clk 01:17:40]} {[%emt 00:00:03]} 48. Bc6
{[%clk 00:50:48]} {[%emt 00:00:16]} Kf6 {[%clk 01:17:57]} {[%emt 00:00:13]} 49.
Bxb5 {[%clk 00:51:11]} {[%emt 00:00:06]} Ke7 {[%clk 01:18:19]} {[%emt
00:00:08]} 50. Kxg5 {[%clk 00:51:37]} {[%emt 00:00:04]} Kf7 {[%clk 01:18:42]}
{[%emt 00:00:07]} 51. f6 {[%clk 00:51:59]} {[%emt 00:00:07]} Kf8 {[%clk
01:19:06]} {[%emt 00:00:05]} 52. Kg6 {[%clk 00:52:09]} {[%emt 00:00:21]} Kg8
{[%clk 01:19:19]} {[%emt 00:00:17]} 53. f7+ {[%clk 00:52:35]} {[%emt 00:00:05]}
Kf8 {[%clk 01:19:44]} {[%emt 00:00:04]} 54. Bc6 {[%clk 00:53:00]} {[%emt
00:00:05]} Ke7 {[%clk 01:20:05]} {[%emt 00:00:10]} 55. Kg7 {[%clk 00:53:24]}
{[%emt 00:00:05]} Kd6 {[%clk 01:20:16]} {[%emt 00:00:12]} 56. f8=Q+ {[%clk
00:53:51]} {[%emt 00:00:11]} 1-0

[Event "ODJM B 2025"]
[Site "Willingen GER"]
[Date "2025.06.14"]
[Round "9"]
[White "Geib, Niklas"]
[Black "Krannich, Eva"]
[Result "0-1"]
[Termination "normal"]
[Board "56"]
[WhiteElo "1581"]
[BlackElo "1509"]
[WhiteClock "00:29:24"]
[BlackClock "00:10:49"]
[PlyCount "90"]
[WhiteFideId "34682236"]
[BlackFideId "34639713"]
[EventCountry "GER"]
[EventRounds "9"]
[EventType "swiss"]
[EventDate "2025.06.07"]

1. d4 {[%clk 01:30:59]} {[%emt 00:00:02]} Nf6 {[%clk 01:30:51]} {[%emt
00:00:09]} 2. Nf3 {[%clk 01:31:25]} {[%emt 00:00:04]} g6 {[%clk 01:31:13]}
{[%emt 00:00:09]} 3. Bf4 {[%clk 01:31:51]} {[%emt 00:00:03]} Bg7 {[%clk
01:31:27]} {[%emt 00:00:16]} 4. e3 {[%clk 01:32:15]} {[%emt 00:00:06]} c5
{[%clk 01:31:39]} {[%emt 00:00:17]} 5. c3 {[%clk 01:32:40]} {[%emt 00:00:05]}
Qb6 {[%clk 01:32:00]} {[%emt 00:00:09]} 6. Qc2 {[%clk 01:32:27]} {[%emt
00:00:43]} d6 {[%clk 01:30:37]} {[%emt 00:01:54]} 7. Nbd2 {[%clk 01:32:37]}
{[%emt 00:00:20]} O-O {[%clk 01:30:23]} {[%emt 00:00:45]} 8. Be2 {[%clk
01:32:43]} {[%emt 00:00:22]} Nc6 {[%clk 01:29:59]} {[%emt 00:00:55]} 9. O-O
{[%clk 01:32:20]} {[%emt 00:00:53]} Bd7 {[%clk 01:28:10]} {[%emt 00:02:19]} 10.
a3 {[%clk 01:31:36]} {[%emt 00:01:14]} Rac8 {[%clk 01:28:15]} {[%emt 00:00:24]}
11. h3 {[%clk 01:30:56]} {[%emt 00:01:10]} cxd4 {[%clk 01:27:27]} {[%emt
00:01:18]} 12. exd4 {[%clk 01:30:57]} {[%emt 00:00:28]} Nxd4 {[%clk 01:27:44]}
{[%emt 00:00:14]} 13. Nxd4 {[%clk 01:31:00]} {[%emt 00:00:28]} Qxd4 {[%clk
01:28:08]} {[%emt 00:00:05]} 14. Be3 {[%clk 01:29:43]} {[%emt 00:01:47]} Qe5
{[%clk 01:07:30]} {[%emt 00:21:08]} 15. Nf3 {[%clk 01:29:03]} {[%emt 00:01:09]}
Qa5 {[%clk 01:07:10]} {[%emt 00:00:50]} 16. b4 {[%clk 01:22:16]} {[%emt
00:07:18]} Qc7 {[%clk 01:07:27]} {[%emt 00:00:12]} 17. Rac1 {[%clk 01:21:20]}
{[%emt 00:01:27]} b5 {[%clk 00:53:37]} {[%emt 00:14:20]} 18. Nd4 {[%clk
01:18:43]} {[%emt 00:03:07]} a6 {[%clk 00:52:50]} {[%emt 00:01:17]} 19. c4
{[%clk 01:16:13]} {[%emt 00:03:00]} Qb8 {[%clk 00:37:49]} {[%emt 00:15:31]} 20.
Qd3 {[%clk 01:13:12]} {[%emt 00:03:31]} bxc4 {[%clk 00:33:04]} {[%emt
00:05:16]} 21. Rxc4 {[%clk 01:11:52]} {[%emt 00:01:50]} Qb7 {[%clk 00:32:37]}
{[%emt 00:00:56]} 22. Rxc8 {[%clk 00:55:59]} {[%emt 00:16:23]} Bxc8 {[%clk
00:32:50]} {[%emt 00:00:17]} 23. b5 {[%clk 00:55:19]} {[%emt 00:01:10]} axb5
{[%clk 00:33:05]} {[%emt 00:00:14]} 24. Qxb5 {[%clk 00:55:40]} {[%emt
00:00:08]} Qxb5 {[%clk 00:33:16]} {[%emt 00:00:20]} 25. Bxb5 {[%clk 00:55:56]}
{[%emt 00:00:15]} Bb7 {[%clk 00:31:44]} {[%emt 00:02:02]} 26. a4 {[%clk
00:55:58]} {[%emt 00:00:28]} Ra8 {[%clk 00:31:36]} {[%emt 00:00:37]} 27. Ra1
{[%clk 00:54:39]} {[%emt 00:01:50]} Ne4 {[%clk 00:29:28]} {[%emt 00:02:38]} 28.
Ra3 {[%clk 00:51:23]} {[%emt 00:03:46]} Nc5 {[%clk 00:24:44]} {[%emt 00:05:14]}
29. Nb3 {[%clk 00:45:36]} {[%emt 00:06:17]} Ba6 {[%clk 00:21:35]} {[%emt
00:03:38]} 30. Bc6 {[%clk 00:39:08]} {[%emt 00:06:58]} Bb7 {[%clk 00:16:36]}
{[%emt 00:05:30]} 31. Bxb7 {[%clk 00:36:18]} {[%emt 00:03:20]} Nxb7 {[%clk
00:16:56]} {[%emt 00:00:09]} 32. a5 {[%clk 00:36:20]} {[%emt 00:00:29]} Ra6
{[%clk 00:17:01]} {[%emt 00:00:24]} 33. Bd2 {[%clk 00:35:29]} {[%emt 00:01:22]}
Kf8 {[%clk 00:16:14]} {[%emt 00:01:15]} 34. Nc1 {[%clk 00:33:12]} {[%emt
00:02:47]} Bb2 {[%clk 00:13:33]} {[%emt 00:03:11]} 35. Rb3 {[%clk 00:31:32]}
{[%emt 00:02:10]} Bxc1 {[%clk 00:13:45]} {[%emt 00:00:18]} 36. Bxc1 {[%clk
00:31:47]} {[%emt 00:00:15]} Nd8 {[%clk 00:12:45]} {[%emt 00:01:30]} 37. Bd2
{[%clk 00:30:50]} {[%emt 00:01:28]} Ke8 {[%clk 00:12:58]} {[%emt 00:00:16]} 38.
Kf1 {[%clk 00:30:48]} {[%emt 00:00:32]} Nc6 {[%clk 00:12:11]} {[%emt 00:01:18]}
39. Be3 {[%clk 00:29:17]} {[%emt 00:02:01]} Rxa5 {[%clk 00:10:56]} {[%emt
00:01:45]} 40. Bd2 {[%clk 00:28:36]} {[%emt 00:01:11]} Ra1+ {[%clk 00:10:55]}
{[%emt 00:00:31]} 41. Be1 {[%clk 00:28:50]} {[%emt 00:00:15]} Nd4 {[%clk
00:10:27]} {[%emt 00:00:58]} 42. Rb2 {[%clk 00:28:49]} {[%emt 00:00:32]} Kd7
{[%clk 00:10:19]} {[%emt 00:00:39]} 43. f3 {[%clk 00:29:12]} {[%emt 00:00:07]}
Ne6 {[%clk 00:10:11]} {[%emt 00:00:37]} 44. Kf2 {[%clk 00:29:25]} {[%emt
00:00:17]} Nf4 {[%clk 00:10:31]} {[%emt 00:00:10]} 45. Bc3 {[%clk 00:29:24]}
{[%emt 00:00:31]} Nd3+ {[%clk 00:10:49]} {[%emt 00:00:12]} 0-1

[Event "ODJM B 2025"]
[Site "Willingen GER"]
[Date "2025.06.14"]
[Round "9"]
[White "Peglau, Lorena"]
[Black "Hantke, Karl"]
[Result "0-1"]
[Termination "normal"]
[Board "57"]
[WhiteElo "1464"]
[BlackElo "1666"]
[WhiteClock "01:01:05"]
[BlackClock "00:53:49"]
[PlyCount "144"]
[WhiteFideId "16290542"]
[BlackFideId "34640827"]
[EventCountry "GER"]
[EventRounds "9"]
[EventType "swiss"]
[EventDate "2025.06.07"]

1. d4 {[%clk 01:30:57]} {[%emt 00:00:02]} d5 {[%clk 01:30:56]} {[%emt
00:00:05]} 2. c4 {[%clk 01:31:21]} {[%emt 00:00:06]} e6 {[%clk 01:31:18]}
{[%emt 00:00:08]} 3. Nf3 {[%clk 01:31:37]} {[%emt 00:00:14]} Nf6 {[%clk
01:31:23]} {[%emt 00:00:26]} 4. Nc3 {[%clk 01:31:33]} {[%emt 00:00:34]} Bb4
{[%clk 01:31:11]} {[%emt 00:00:41]} 5. Bg5 {[%clk 01:31:42]} {[%emt 00:00:21]}
h6 {[%clk 01:30:40]} {[%emt 00:01:02]} 6. Bh4 {[%clk 01:31:56]} {[%emt
00:00:16]} b6 {[%clk 01:29:32]} {[%emt 00:01:39]} 7. e3 {[%clk 01:31:59]}
{[%emt 00:00:25]} Bb7 {[%clk 01:29:19]} {[%emt 00:00:44]} 8. Bd3 {[%clk
01:31:28]} {[%emt 00:01:01]} dxc4 {[%clk 01:29:20]} {[%emt 00:00:29]} 9. Bxc4
{[%clk 01:31:48]} {[%emt 00:00:10]} Nbd7 {[%clk 01:28:55]} {[%emt 00:00:55]}
10. O-O {[%clk 01:31:19]} {[%emt 00:00:58]} g5 {[%clk 01:22:04]} {[%emt
00:07:21]} 11. Bg3 {[%clk 01:31:26]} {[%emt 00:00:23]} Bxc3 {[%clk 01:18:49]}
{[%emt 00:03:46]} 12. bxc3 {[%clk 01:31:47]} {[%emt 00:00:09]} Qe7 {[%clk
01:17:13]} {[%emt 00:02:06]} 13. Ne5 {[%clk 01:23:58]} {[%emt 00:08:19]} O-O-O
{[%clk 01:14:34]} {[%emt 00:03:09]} 14. Nxd7 {[%clk 01:19:55]} {[%emt
00:04:33]} Qxd7 {[%clk 01:12:57]} {[%emt 00:02:07]} 15. Be5 {[%clk 01:16:33]}
{[%emt 00:03:51]} Qe7 {[%clk 01:10:53]} {[%emt 00:02:35]} 16. Qe2 {[%clk
01:15:20]} {[%emt 00:01:42]} Rhg8 {[%clk 01:10:04]} {[%emt 00:01:19]} 17. Ba6
{[%clk 01:14:40]} {[%emt 00:01:10]} Ne4 {[%clk 01:06:30]} {[%emt 00:04:05]} 18.
Bxb7+ {[%clk 01:10:42]} {[%emt 00:04:28]} Kxb7 {[%clk 01:06:36]} {[%emt
00:00:25]} 19. Qf3 {[%clk 01:10:56]} {[%emt 00:00:15]} f5 {[%clk 01:06:26]}
{[%emt 00:00:41]} 20. Rfc1 {[%clk 01:09:21]} {[%emt 00:02:04]} g4 {[%clk
01:03:47]} {[%emt 00:03:09]} 21. Qe2 {[%clk 01:04:07]} {[%emt 00:05:44]} Ng5
{[%clk 00:59:06]} {[%emt 00:05:12]} 22. c4 {[%clk 00:59:55]} {[%emt 00:04:41]}
Nf3+ {[%clk 00:59:07]} {[%emt 00:00:29]} 23. Kf1 {[%clk 00:59:40]} {[%emt
00:00:45]} Nxe5 {[%clk 00:59:25]} {[%emt 00:00:13]} 24. dxe5 {[%clk 01:00:02]}
{[%emt 00:00:08]} Qc5 {[%clk 00:58:37]} {[%emt 00:01:17]} 25. Qb2 {[%clk
00:55:15]} {[%emt 00:05:17]} Rd3 {[%clk 00:51:50]} {[%emt 00:07:18]} 26. a4
{[%clk 00:53:06]} {[%emt 00:02:39]} a5 {[%clk 00:48:23]} {[%emt 00:03:57]} 27.
Qb5 {[%clk 00:51:18]} {[%emt 00:02:17]} Qxb5 {[%clk 00:47:36]} {[%emt
00:01:18]} 28. cxb5 {[%clk 00:51:40]} {[%emt 00:00:07]} Rd5 {[%clk 00:47:09]}
{[%emt 00:00:57]} 29. Rd1 {[%clk 00:51:37]} {[%emt 00:00:33]} Rgd8 {[%clk
00:46:03]} {[%emt 00:01:36]} 30. Ke2 {[%clk 00:51:41]} {[%emt 00:00:26]} Rxd1
{[%clk 00:44:43]} {[%emt 00:01:51]} 31. Rxd1 {[%clk 00:52:05]} {[%emt
00:00:05]} Rxd1 {[%clk 00:45:09]} {[%emt 00:00:05]} 32. Kxd1 {[%clk 00:52:30]}
{[%emt 00:00:04]} c6 {[%clk 00:45:06]} {[%emt 00:00:34]} 33. Kc2 {[%clk
00:52:48]} {[%emt 00:00:11]} cxb5 {[%clk 00:45:16]} {[%emt 00:00:21]} 34. axb5
{[%clk 00:53:12]} {[%emt 00:00:06]} Kc7 {[%clk 00:45:38]} {[%emt 00:00:08]} 35.
Kc3 {[%clk 00:53:13]} {[%emt 00:00:28]} Kd7 {[%clk 00:45:53]} {[%emt 00:00:16]}
36. Kc4 {[%clk 00:53:32]} {[%emt 00:00:11]} Ke7 {[%clk 00:45:57]} {[%emt
00:00:25]} 37. Kd4 {[%clk 00:53:11]} {[%emt 00:00:50]} Kf7 {[%clk 00:46:10]}
{[%emt 00:00:18]} 38. Kc4 {[%clk 00:52:45]} {[%emt 00:00:56]} Kg6 {[%clk
00:46:34]} {[%emt 00:00:06]} 39. Kd4 {[%clk 00:53:04]} {[%emt 00:00:11]} h5
{[%clk 00:45:50]} {[%emt 00:01:15]} 40. Kd3 {[%clk 00:53:21]} {[%emt 00:00:12]}
Kg5 {[%clk 00:45:56]} {[%emt 00:00:24]} 41. Kd4 {[%clk 00:53:36]} {[%emt
00:00:15]} f4 {[%clk 00:46:02]} {[%emt 00:00:25]} 42. e4 {[%clk 00:51:50]}
{[%emt 00:02:15]} h4 {[%clk 00:45:18]} {[%emt 00:01:14]} 43. Kd3 {[%clk
00:52:06]} {[%emt 00:00:14]} g3 {[%clk 00:44:53]} {[%emt 00:00:56]} 44. hxg3
{[%clk 00:52:26]} {[%emt 00:00:09]} fxg3 {[%clk 00:45:04]} {[%emt 00:00:19]}
45. fxg3 {[%clk 00:51:33]} {[%emt 00:01:23]} hxg3 {[%clk 00:45:25]} {[%emt
00:00:09]} 46. Ke3 {[%clk 00:51:47]} {[%emt 00:00:16]} a4 {[%clk 00:45:49]}
{[%emt 00:00:07]} 47. Kd3 {[%clk 00:52:11]} {[%emt 00:00:05]} Kf4 {[%clk
00:46:15]} {[%emt 00:00:04]} 48. Kd4 {[%clk 00:52:30]} {[%emt 00:00:11]} a3
{[%clk 00:46:38]} {[%emt 00:00:08]} 49. Kc3 {[%clk 00:52:56]} {[%emt 00:00:04]}
Kxe5 {[%clk 00:46:56]} {[%emt 00:00:11]} 50. Kb3 {[%clk 00:53:20]} {[%emt
00:00:06]} Kxe4 {[%clk 00:47:14]} {[%emt 00:00:13]} 51. Kxa3 {[%clk 00:53:45]}
{[%emt 00:00:05]} Kd3 {[%clk 00:47:34]} {[%emt 00:00:10]} 52. Kb2 {[%clk
00:54:08]} {[%emt 00:00:06]} Kd2 {[%clk 00:47:50]} {[%emt 00:00:14]} 53. Kb3
{[%clk 00:54:32]} {[%emt 00:00:06]} e5 {[%clk 00:48:13]} {[%emt 00:00:07]} 54.
Kc4 {[%clk 00:54:56]} {[%emt 00:00:06]} e4 {[%clk 00:48:36]} {[%emt 00:00:08]}
55. Kd5 {[%clk 00:55:17]} {[%emt 00:00:08]} e3 {[%clk 00:48:58]} {[%emt
00:00:08]} 56. Kc6 {[%clk 00:55:45]} {[%emt 00:00:02]} e2 {[%clk 00:49:21]}
{[%emt 00:00:08]} 57. Kxb6 {[%clk 00:56:11]} {[%emt 00:00:03]} e1=Q {[%clk
00:49:43]} {[%emt 00:00:08]} 58. Ka7 {[%clk 00:56:33]} {[%emt 00:00:07]} Qe7+
{[%clk 00:50:07]} {[%emt 00:00:06]} 59. Ka6 {[%clk 00:56:55]} {[%emt 00:00:09]}
Ke2 {[%clk 00:50:20]} {[%emt 00:00:18]} 60. b6 {[%clk 00:57:15]} {[%emt
00:00:09]} Kf2 {[%clk 00:50:45]} {[%emt 00:00:05]} 61. b7 {[%clk 00:57:04]}
{[%emt 00:00:41]} Qxb7+ {[%clk 00:51:11]} {[%emt 00:00:04]} 62. Kxb7 {[%clk
00:57:27]} {[%emt 00:00:07]} Kxg2 {[%clk 00:51:38]} {[%emt 00:00:03]} 63. Kb8
{[%clk 00:57:51]} {[%emt 00:00:06]} Kf3 {[%clk 00:52:03]} {[%emt 00:00:06]} 64.
Kc7 {[%clk 00:58:09]} {[%emt 00:00:12]} g2 {[%clk 00:52:26]} {[%emt 00:00:07]}
65. Kd7 {[%clk 00:58:34]} {[%emt 00:00:04]} g1=Q {[%clk 00:52:47]} {[%emt
00:00:09]} 66. Kc8 {[%clk 00:59:01]} {[%emt 00:00:03]} Qg7 {[%clk 00:53:05]}
{[%emt 00:00:12]} 67. Kd8 {[%clk 00:59:24]} {[%emt 00:00:07]} Qf7 {[%clk
00:53:29]} {[%emt 00:00:06]} 68. Kc8 {[%clk 00:59:42]} {[%emt 00:00:12]} Qe7
{[%clk 00:53:53]} {[%emt 00:00:06]} 69. Kb8 {[%clk 01:00:04]} {[%emt 00:00:08]}
Ke4 {[%clk 00:54:16]} {[%emt 00:00:07]} 70. Kc8 {[%clk 01:00:23]} {[%emt
00:00:11]} Kd5 {[%clk 00:54:34]} {[%emt 00:00:13]} 71. Kb8 {[%clk 01:00:47]}
{[%emt 00:00:06]} Kc6 {[%clk 00:54:52]} {[%emt 00:00:12]} 72. Ka8 {[%clk
01:01:05]} {[%emt 00:00:12]} Qb7# {[%clk 00:53:49]} {[%emt 00:01:03]} 0-1